000 00543nam a2200217Ia 4500
003 OSt
005 20220928135108.0
006 a|||||r|||| 00| 0
007 ta
008 220927b |||||||| |||| 00| 0 eng d
024 _a694
037 _cTextual
040 _aSDCL
_cSDCL
_beng
041 _2eng
_aeng
082 _aX.2'N8x, N1.3
100 _aKapila Uma Ed.
245 0 _aRecent developments in indian economy.V3
260 _c1991
942 _hX.2'N8x, N1.3
_cTEXL
_2CC
999 _c804652
_d804652